000 00606nam a2200205Ia 4500
999 _c7395
_d7395
003 0100
005 20170428105027.0
008 130303s9999 xx 000 0 und d
020 _a9964978162
040 _cARRUPELIB
050 _aDT450.435.A46 1997
100 _aAnyidoho, Henry Kwami
_98122
245 _aGuns over Kigali
245 _bthe Rwandese civil war--1994, (a personal account)
260 _aAccra
_bWoeli Publishing Services
_c1997
300 _a131 p.
600 _aAnyidoho, Henry Kwami
_98122
650 _aRwanda
_98123
_xHistory
_xCivil war
_xPersonal naratives
650 _aGhananian
_930139
942 0 0 _01
_2lcc
_cMONOGRAPH